Focus sur: Alicia Spinnet - Harry Potter - Statistiques

Statistiques générales
  • Ce quiz a été pris 182 fois
  • Le résultat moyen est 5 sur 7
Statistiques - réponses
Informations recherchées Réponses % Correct
Lieu de rencontre avec Harry Potter Poudlard
99%
Ecole fréquentée Poudlard
99%
Maison fréquentée Gryffondor
98%
Poste occupé au Quidditch Poursuiveur
97%
Première apparition Harry Potter à l'école des sorciers
94%
Actrice l'interprétant dans les films Leilah Sutherland
20%
Actrice l'interprétant dans les films Rochelle Douglas
20%
Aucun quiz correspondant
Distribution des résultats
% des personnes avec chaque résultat
Percentile par nombre de réponses
Votre historique - résultats
Vous n’avez pas pris ce quiz